Périphrase - Statistiques

Statistiques générales
  • Ce quiz a été pris 36 fois
  • Le résultat moyen est 6 sur 10
Statistiques - réponses
Question Réponse % Correct
Quel pays est désigné par la périphrase: "La Terre des Dieux" ? Grèce
90%
Quelle chaîne de montagne est désigné par la périphrase: "Toit du monde" ? Himalaya
90%
Quelle mer est désignée par la périphrase: "la Grande bleue" ? Méditérannée
83%
Quelle ville française est désignée par la périphrase: "La ville rose" ? Toulouse
80%
Quelle ville est désignée par la périphrase: "La ville éternelle" ? Rome
77%
Quelle personne est désignée par la périphrase: "Le père de l'histoire" ? Hérodote
53%
Quel pays est désigné par la périphrase: "L'empire des lis" ? France
50%
Quelle personne est désignée par la périphrase: "le Cygne de Cambrai" ? François de Salignac de La Mothe-Fénelon
33%
Quelle personne est désignée par la périphrase: "L'aigle de Meaux" ? Jacques-Bénigne Bossuet
23%
Quelle personne est désignée par la périphrase: "Régent du Parnasse" ? Nicolas Boileau
20%
Aucun quiz correspondant
Distribution des résultats
% des personnes avec chaque résultat
Percentile par nombre de réponses
Votre historique - résultats
Vous n’avez pas pris ce quiz